Reproducción de Melanosuchus niger Spix, 1825, caimán negro en cautiverio (Registro nro. 16133)

Detalles MARC
000 -CABECERA
Campo de control 003550000a22001090004500
090 ## - CLASIFICACIÓN LOCAL
Colección AS
Consecutivo Seriadas
041 0# - IDIOMA
Código de idioma para texto/pista de sonido o título separado
100 1# - ASIENTO PRINCIPAL--NOMBRE PERSONAL
Nombre personal Neira Martínez, Jorge Arturo
245 10 - MENCION DE TITULO
Título Reproducción de Melanosuchus niger Spix, 1825, caimán negro en cautiverio
773 1# - Item fuente:
Título Trianea
Datos de la serie Acta Científica y Tecnológica
Descripción física 5
Paginas del Articulo 109-121
Lugar, editorial y fecha de publicación 1994
942 ## - ELEMENTOS ADICIONALES (KOHA)
Tipo de ítem Artículo

No hay ítems disponibles.